[Event "World op 48th"]
[Site "ICC INT"]
[Date "2020.08.09"]
[Round "8"]
[White "Books, Lawrence James"]
[Black "Takahashi, Michael John"]
[Result "1/2-1/2"]
[WhiteElo "1884"]
[BlackElo "2036"]
[PlyCount "82"]
[EventDate "2020.08.07"]
[EventType "swiss"]
[EventRounds "9"]
[EventCountry "USA"]
[SourceTitle "CBM 197 Extra"]
[Source "ChessBase"]
[SourceDate "2020.09.30"]
[SourceVersion "1"]
[SourceVersionDate "2020.09.30"]
[SourceQuality "1"]

1. e4 e6 2. d4 d5 3. Nd2 c5 4. Ngf3 cxd4 5. exd5 Qxd5 6. Bc4 Qd6 7. 0-0 Nf6 8. Nb3 Nc6 9. Nbxd4 Nxd4 10. Nxd4 a6 11. Be2 Qc7 12. Bf3 Bd6 13. h3 h6 14. Qe2 0-0 15. Nb3 Bd7 16. c4 Rac8 17. Nd2 Rfe8 18. b3 Be5 19. Rb1 Bd4 20. Ne4 Bc6 21. Nxf6+ Bxf6 22. Bxc6 Qxc6 23. Qg4 Kh7 24. Bb2 Bxb2 25. Rxb2 Rcd8 26. Rd1 Rd7 27. Rd4 Red8 28. Rbd2 Rxd4 29. Rxd4 Rxd4 30. Qxd4 Qc7 31. c5 Kg8 32. b4 Qc6 33. Qd8+ Kh7 34. Qd4 Kg8 35. Qd8+ Kh7 36. Qd4 f6 37. g3 e5 38. Qd3+ e4 39. Qd6 Qa4 40. Qd5 Qxb4 41. Qf5+ Kg8 1/2-1/2

[Event "World op 48th"]
[Site "ICC INT"]
[Date "2020.08.07"]
[Round "2"]
[White "Books, Lawrence James"]
[Black "Lee, Alice"]
[Result "1-0"]
[WhiteElo "1884"]
[BlackElo "1967"]
[PlyCount "83"]
[EventDate "2020.08.07"]
[EventType "swiss"]
[EventRounds "9"]
[EventCountry "USA"]
[SourceTitle "CBM 197 Extra"]
[Source "ChessBase"]
[SourceDate "2020.09.30"]
[SourceVersion "1"]
[SourceVersionDate "2020.09.30"]
[SourceQuality "1"]

1. e4 c5 2. c3 d5 3. exd5 Qxd5 4. d4 Nc6 5. Nf3 Bg4 6. dxc5 Qxd1+ 7. Kxd1 e5 8. b4 e4 9. h3 Bxf3+ 10. gxf3 exf3 11. Bf4 Be7 12. Nd2 Nf6 13. Bc4 0-0 14. Kc2 Rfe8 15. Rae1 Nh5 16. Bh2 Bh4 17. Rxe8+ Rxe8 18. Nxf3 Bxf2 19. Ng5 Nd8 20. Rf1 h6 21. Nxf7 Nxf7 22. Rxf2 Nf6 23. Re2 Rxe2+ 24. Bxe2 Kf8 25. Bf3 Nd8 26. Bxb7 Ke7 27. Bf3 Ne6 28. c6 Ne8 29. a4 g5 30. Kd3 Nf6 31. a5 h5 32. b5 g4 33. hxg4 hxg4 34. Bh1 Nh5 35. b6 axb6 36. axb6 g3 37. Bxg3 Nxg3 38. b7 Nc5+ 39. Kc4 Na6 40. c7 Nxc7 41. b8Q Nxh1 42. Qxc7+ 1-0

[Event "World op 48th"]
[Site "ICC INT"]
[Date "2020.08.07"]
[Round "3"]
[White "Zhao, Erick"]
[Black "Books, Lawrence James"]
[Result "1-0"]
[WhiteElo "2039"]
[BlackElo "1884"]
[PlyCount "89"]
[EventDate "2020.08.07"]
[EventType "swiss"]
[EventRounds "9"]
[EventCountry "USA"]
[SourceTitle "CBM 197 Extra"]
[Source "ChessBase"]
[SourceDate "2020.09.30"]
[SourceVersion "1"]
[SourceVersionDate "2020.09.30"]
[SourceQuality "1"]

1. e4 c5 2. Nf3 Nc6 3. Bb5 e6 4. 0-0 Nge7 5. c3 a6 6. Ba4 b5 7. Bc2 d5 8. d4 cxd4 9. cxd4 dxe4 10. Bxe4 Nd5 11. Bg5 Be7 12. Bxe7 Ncxe7 13. Nbd2 0-0 14. Nb3 Ra7 15. Rc1 Nf6 16. Bb1 Bb7 17. Ne5 Be4 18. Bxe4 Nxe4 19. Qd3 Nf6 20. Nc5 Qd5 21. a3 Ng6 22. Nf3 Rd8 23. Rfd1 h6 24. b4 Raa8 25. Qb3 Qf5 26. Qc2 Qh5 27. Ne4 Nd5 28. Ng3 Qg4 29. h3 Qf4 30. Nh5 Qd6 31. Ng3 Nf6 32. Qc5 Nf4 33. Ne5 N6d5 34. Rd2 Rac8 35. Qxc8 Rxc8 36. Rxc8+ Kh7 37. Rh8+ Kxh8 38. Nxf7+ Kg8 39. Nxd6 Kf8 40. Nge4 Ke7 41. g3 Nxh3+ 42. Kg2 Ng5 43. Nxg5 Kxd6 44. Ne4+ Ke7 45. Nc5 1-0